Elektronika pre PÚDV : (vybrané kapitoly) /

Hlavní autor: Baštek, Marián
Korporativní autor: Vysoká škola dopravná v Žiline. Strojnícka a elektrotechnická fakulta
Jazyk: Slovenština
Vydáno: Praha : Nakladatelství dopravy a spojů, 1990
Vydání: 1. vyd.
Témata:
Fyzický popis: 146 s.
Knihy
Uloženo v:
LEADER 01494nam a22003372a 4500
001 000210702
003 CZ BrMZK
005 20080114102213.0
007 ta
008 970103s1990 xr f slo d
015 |a cnb000054503 
035 |a (OCoLC)39425810 
040 |a BOA001  |b cze 
080 9 |a 621.38:656.2/.3(075.8) 
080 9 |a 656.2/.3:621.38(075.8) 
100 1 |a Baštek, Marián  |7 mzk2009544000  |4 aut 
245 1 0 |a Elektronika pre PÚDV :  |b (vybrané kapitoly) /  |c Marián Baštek 
250 |a 1. vyd. 
260 |a Praha :  |b Nakladatelství dopravy a spojů,  |c 1990 
300 |a 146 s. 
504 |a Obsahuje bibliografii 
550 |a Vydavatel: Vysoká škola dopravná a spojov v Žiline, Fakulta strojnícka a elektrotechnícka 
710 2 |a Vysoká škola dopravná v Žiline.  |b Strojnícka a elektrotechnická fakulta  |7 ko2004231770 
910 |a BOA001  |b TK-A-0243.468  |b 4-0953.122 
964 |a Elektronika - doprava kolejová - učebnice - školy vysoké 
964 |a Doprava kolejová - elektronika - učebnice - školy vysoké 
990 |a BK 
996 7 |b 2629994577  |c TK-A-0243.468  |l MZK  |r Sklad / do 24 hodin  |n 0  |w 000210702  |u 000020  |a 1  |e BOA001  |j MZK50  |s A 
996 7 |b 2629994578  |c TK-A-0243.468  |l MZK  |r Sklad / do 24 hodin  |n 0  |w 000210702  |u 000010  |a 1  |e BOA001  |j MZK50  |s A 
996 6 |b BC-536295  |c 4-0953.122  |l MZK  |r Sklad / do 1 hodiny  |n 0  |w 000210702  |u 000030  |a 1  |e BOA001  |j MZK50  |s P 
996 6 |b BC-536296  |c 4-0953.122  |l MZK  |r Sklad / do 1 hodiny  |n 0  |w 000210702  |u 000040  |a 1  |e BOA001  |j MZK50  |s P